Selection de Tuiles - Musique - Statistiques

Statistiques générales
  • Ce quiz a été pris 98 fois
  • Le résultat moyen est 27 sur 45
Statistiques - réponses
Question Tuile Select % Correct
Qui a été membre des Beatles ? Sting Non
100%
Qui a été membre des Beatles ? Brian May Non
97%
Qui a été membre des Beatles ? John Lennon Oui
97%
Qui a été membre des Beatles ? Paul McCartney Oui
96%
Lesquels sont des instruments à cordes ? Clairon Non
91%
Lesquels sont des instruments à cordes ? Banjo Oui
90%
Lesquels de ces artistes font partie des 10 meilleurs guitaristes de tous les temps selon le magasine " Rolling Stone " Jimi Hendrix Oui
90%
Lesquels sont des instruments à cordes ? Mandoline Oui
88%
Qui a été membre des Beatles ? Roger Waters Non
88%
Qui a été membre des Beatles ? George Harrison Oui
87%
Lesquels sont des instruments à cordes ? Guiro Non
85%
Qui a été membre des Beatles ? Mick Jagger Non
85%
Lesquels sont des instruments à cordes ? Marimba Non
84%
Lesquels sont des instruments à cordes ? Luth Oui
83%
Lesquels de ces groupes ont été fondés dans les années 1980 ? Boston Non
79%
Lesquels de ces artistes font partie des 10 meilleurs guitaristes de tous les temps selon le magasine " Rolling Stone " Kirk Hammett Non
78%
Lesquels sont des instruments à cordes ? Basson Non
74%
Lesquels de ces artistes font partie des 10 meilleurs guitaristes de tous les temps selon le magasine " Rolling Stone " John Frusciante Non
74%
Lesquels sont des instruments à cordes ? Cithare Oui
71%
Lesquels sont des instruments à cordes ? Alto Oui
70%
Lesquels de ces artistes font partie des 10 meilleurs guitaristes de tous les temps selon le magasine " Rolling Stone " Eric Clapton Oui
69%
Lesquels de ces groupes ont été fondés dans les années 1980 ? Red Hot Chili Peppers Oui
63%
Lesquels sont des albums de Metallica ? High Voltage Non
55%
Lesquels de ces artistes font partie des 10 meilleurs guitaristes de tous les temps selon le magasine " Rolling Stone " Brian May Non
53%
Lesquels sont des albums de Metallica ? Seasons in the Abyss Non
53%
Lesquels de ces groupes ont été fondés dans les années 1980 ? Iron Maiden Non
52%
Lesquels de ces artistes font partie des 10 meilleurs guitaristes de tous les temps selon le magasine " Rolling Stone " Kurt Cobain Non
52%
Lesquels sont des albums de Metallica ? ...And Justice for All Oui
51%
Lesquels de ces artistes font partie des 10 meilleurs guitaristes de tous les temps selon le magasine " Rolling Stone " Chuck Berry Oui
50%
Lesquels sont des albums de Metallica ? Paranoïd Non
50%
Lesquels de ces artistes font partie des 10 meilleurs guitaristes de tous les temps selon le magasine " Rolling Stone " Jimmy Page Oui
47%
Lesquels sont des albums de Metallica ? Overkill Non
44%
Lesquels de ces groupes ont été fondés dans les années 1980 ? The Offspring Oui
39%
Lesquels sont des albums de Metallica ? Hardwired... to Self Destruct Oui
38%
Lesquels de ces groupes ont été fondés dans les années 1980 ? Europe Non
34%
Lesquels sont des albums de Metallica ? Load Oui
34%
Lesquels de ces artistes font partie des 10 meilleurs guitaristes de tous les temps selon le magasine " Rolling Stone " Stevie Ray Vaughan Oui
33%
Lesquels de ces groupes ont été fondés dans les années 1980 ? The Cure Non
31%
Lesquels de ces groupes ont été fondés dans les années 1980 ? Blur Oui
30%
Lesquels de ces groupes ont été fondés dans les années 1980 ? The Smashing Pumpkins Oui
30%
Lesquels sont des albums de Metallica ? 72 Seasons Oui
28%
Lesquels sont des albums de Metallica ? St. Anger Oui
28%
Qui a été membre des Beatles ? Pete Best Oui
14%
Lesquels de ces groupes ont été fondés dans les années 1980 ? Soundgarden Oui
14%
Qui a été membre des Beatles ? Stuart Sutcliffe Oui
12%
Aucun quiz correspondant
Distribution des résultats
% des personnes avec chaque résultat
Percentile par nombre de réponses
Votre historique - résultats
Vous n’avez pas pris ce quiz